000 00654cam a22002171 4500
001 ne 63000183
003 DLC
005 20260227111740.0
008 890329s1961 ua 000 0 ararc
010 _ane 63000183
025 _aPL480:UAR-1468
035 _a(OCoLC)19473212
040 _aPrinceton Univ. Libr. for L.C.
_cWaU
_dWaU
_dDLC
042 _apremarc
050 0 0 _aPJ7850.U845
_bH3
100 1 _aMūsá, Ṣabrī.
245 1 0 _aḤādith al-niṣf mitr,
_bwa-qiṣaṣ ukhrá.
_c[Taʼlīf] Ṣabrī Mūsá.
260 _a[al-Qāhirah]
_bMuʼassasat Rūz al-Yūsuf
_c[1961?]
300 _a184 p.
_c20 cm.
490 0 _aKitāb al-dhahabī ;
_v97
999 _c45490
_d45490